Statistics for Monopoly Spaces Fill in the Blank

Click here to take the quiz!

General Stats

  • This quiz has been taken 56 times
  • The average score is 11 of 15

Answer Stats

HintAnswer% Correct
Go to ____Jail
100%
Atlantic ____Avenue
88%
____ ParkingFree
88%
____ James PlaceSt.
86%
____ WorksWater
82%
____walkBoard
80%
Electric ____Company
78%
____ Carolina AvenueNorth
78%
B & ____ RailroadO
71%
Reading ____Railroad
71%
New ____ AvenueYork
71%
Park ____Place
69%
____ GardensMarvin
61%
Short ____Line
59%
Just ____Visiting
57%

Score Distribution

Percentile by Number Answered

Percent of People with Each Score

Your Score History

You have not taken this quiz